| 000 | 00579nam a22001577a 4500 | ||
|---|---|---|---|
| 003 | OSt | ||
| 005 | 20151028145642.0 | ||
| 008 | 151028b xxu||||| |||| 00| 0 eng d | ||
| 040 | _cRUA | ||
| 082 | _aATM,Sp VAN 2003 B064 Or.1+ | ||
| 100 |
_93038 _aVANN, SOPHEAK. |
||
| 245 | _aEffective of agricultural extension in prey veng province, ប្រសិទ្ធភាពនៃការងារផ្សព្វផ្សាយកសិកម្មនៅខេត្តព្រៃវែង | ||
| 260 |
_aPhnom Penh _bRUA _c2003 |
||
| 300 |
_a80p. _bill. _c29cm. |
||
| 942 |
_2ddc _cATMSP |
||
| 999 |
_c2832 _d2832 |
||